[Event "XIV Weekend B"]
[Site "Porto Sant'Elpidio ITA"]
[Date "2011.11.26"]
[Round "4"]
[White "Bonoli, Luciano"]
[Black "Cristicchia, Matteo"]
[Result "0-1"]
[WhiteElo "1764"]
[BlackElo "1607"]
[PlyCount "116"]
[EventDate "2011.11.19"]

1. c4 e5 2. g3 Nf6 3. Bg2 Bc5 4. Nc3 Nc6 5. d3 h6 6. Nf3 d6 7. O-O O-O 8. a3 a6
9. b4 Ba7 10. b5 axb5 11. Nxb5 Bc5 12. Bb2 Be6 13. e3 e4 14. Nfd4 exd3 15. Nxe6
fxe6 16. Qxd3 e5 17. Nc3 Qd7 18. Nd5 Kh8 19. Qg6 Ne7 20. Nxe7 Qxe7 21. Bh3 d5
22. cxd5 Nxd5 23. Rad1 Nf6 24. Bf5 Bxa3 25. Bxa3 Qxa3 26. Rd3 Qa2 27. Rfd1 Qf7
28. Qxf7 Rxf7 29. Rd8+ Rf8 30. Rxa8 Rxa8 31. f3 Kg8 32. Rb1 Rb8 33. Bd3 Kf7 34.
e4 g5 35. g4 Ke6 36. Kf2 Kd6 37. Ke3 Nd7 38. h3 Nc5 39. Be2 Na4 40. Rd1+ Kc6
41. Rd5 Nc3 42. Rxe5 Nxe2 43. Kxe2 Kd6 44. Rf5 Ke6 45. Kd3 b5 46. Kc3 b4+ 47.
Kb3 Kd6 48. Rf6+ Ke5 49. Rxh6 c5 50. h4 c4+ 51. Kb2 gxh4 52. Rh5+ Kf4 53. Rxh4
Kxf3 54. e5 b3 55. g5 c3+ 56. Kxc3 b2 57. Rh1 b1=Q 58. Rxb1 Rxb1 0-1

[Event "XIV Weekend B"]
[Site "Porto Sant'Elpidio ITA"]
[Date "2011.11.26"]
[Round "4"]
[White "Claudino Da Graca, Carlos"]
[Black "Morelli, Basilio"]
[Result "1/2-1/2"]
[WhiteElo "1616"]
[BlackElo "1524"]
[PlyCount "64"]
[EventDate "2011.11.19"]

1. d4 d5 2. c4 c6 3. cxd5 cxd5 4. Nc3 Nc6 5. Nf3 Nf6 6. Bf4 e6 7. e3 Bb4 8. a3
Be7 9. Nb5 O-O 10. Nc7 Rb8 11. Nxd5 Nxd5 12. Bxb8 Nxb8 13. Qd2 Nc6 14. b4 Ndxb4
15. Qb2 Nd5 16. Bb5 Qb6 17. Qb3 Na5 18. Qd3 Nc6 19. O-O Qc7 20. Rfc1 Qd8 21.
Bxc6 bxc6 22. Rxc6 Bd7 23. Rcc1 Qb6 24. Rcb1 Qc7 25. Rc1 Qa5 26. Ne5 Bb5 27.
Qb3 Qa4 28. Qa2 f6 29. Nf3 Qa5 30. Qb3 Qa4 31. Qa2 Qa5 32. Qb3 Qa4 1/2-1/2

[Event "XIV Weekend B"]
[Site "Porto Sant'Elpidio ITA"]
[Date "2011.11.26"]
[Round "4"]
[White "Maggiore, Francesco"]
[Black "Basso, Fabrizio"]
[Result "0-1"]
[WhiteElo "1751"]
[BlackElo "1754"]
[PlyCount "81"]
[EventDate "2011.11.19"]

1. d4 Nf6 2. c4 g6 3. Nc3 Bg7 4. e4 d6 5. h3 O-O 6. Nf3 c6 7. d5 c5 8. Bd3 Nbd7
9. O-O a6 10. Be3 Nh5 11. Qd2 Rb8 12. Bh6 Qa5 13. Bxg7 Kxg7 14. a4 Qc7 15. b3
Kh8 16. Qb2 Ng7 17. Rfe1 f6 18. Ne2 Ne5 19. Nxe5 fxe5 20. Qd2 Bd7 21. Bc2 Rf6
22. Nc3 Rbf8 23. Rf1 Nh5 24. Qe3 Qc8 25. Bd1 Nf4 26. Ra2 g5 27. Qg3 Rh6 28. Bg4
Bxg4 29. Qxg4 Qe8 30. Rd2 Rh4 31. Qg3 Qh5 32. f3 Qh6 33. Ne2 Rg8 34. Qf2 Rxh3
35. Ng3 Rh2 36. Qe1 Qh4 37. a5 Rg6 38. Rc2 Rh6 39. Rd2 Kg8 40. Rc2 Nd3 41. Qd1
0-1

[Event "XIV Weekend B"]
[Site "Porto Sant'Elpidio ITA"]
[Date "2011.11.26"]
[Round "4"]
[White "Marchetti, Michael"]
[Black "Silvestri, Giorgio"]
[Result "0-1"]
[WhiteElo "1629"]
[BlackElo "1730"]
[PlyCount "112"]
[EventDate "2011.11.19"]

1. Nf3 d5 2. b3 c5 3. d4 Nc6 4. e3 Nf6 5. Bb2 Bg4 6. Be2 cxd4 7. Nxd4 Bxe2 8.
Qxe2 e6 9. Nd2 Bc5 10. N2f3 Qa5+ 11. c3 Bxd4 12. exd4 Ne4 13. Qe3 Ne7 14. O-O
Nf5 15. Qd3 O-O 16. c4 Rac8 17. a3 Qa6 18. Rfd1 Rc7 19. c5 Qxd3 20. Rxd3 Rfc8
21. b4 b6 22. Rb3 g5 23. Rd1 Rb8 24. Rdd3 g4 25. Ne5 h5 26. f3 gxf3 27. Nxf3 f6
28. Bc1 Rg7 29. Bf4 Rc8 30. a4 Rg4 31. Bc1 Kf7 32. Rb2 Rcg8 33. Ne1 h4 34. Kf1
Ng5 35. Bxg5 fxg5 36. Nf3 Rf4 37. Ke1 Re4+ 38. Re2 Ke7 39. c6 Kd6 40. b5 g4 41.
Ne5 Rxd4 42. Rxd4 Nxd4 43. Nf7+ Ke7 44. Rf2 Nf5 45. Ne5 Kd6 46. Nd3 g3 47. Rf1
gxh2 48. Kf2 Ng3 49. Rc1 h1=Q 50. Rxh1 Nxh1+ 51. Kf3 Rg3+ 52. Ke2 Rxg2+ 53. Kf1
Rg8 54. Nf4 Rf8 55. Kg2 Rxf4 56. Kxh1 Rf2 0-1

[Event "XIV Weekend B"]
[Site "Porto Sant'Elpidio ITA"]
[Date "2011.11.26"]
[Round "4"]
[White "Piergentili, Roberto"]
[Black "Ramini, Luigi"]
[Result "1/2-1/2"]
[WhiteElo "1735"]
[BlackElo "1754"]
[PlyCount "89"]
[EventDate "2011.11.19"]

1. d4 d5 2. c4 e6 3. Nc3 Nf6 4. cxd5 exd5 5. Bg5 Nbd7 6. e3 c6 7. Bd3 Qa5 8.
Qc2 Bb4 9. Nge2 O-O 10. O-O Bd6 11. Bf4 Bxf4 12. Nxf4 Re8 13. Rae1 Nf8 14. a3
Ne6 15. Nxe6 Bxe6 16. f3 Rad8 17. Qf2 c5 18. Ne2 Qd2 19. Nf4 Qxf2+ 20. Rxf2
cxd4 21. exd4 Bd7 22. Rfe2 Rxe2 23. Rxe2 g5 24. Nh3 Bxh3 25. gxh3 Kf8 26. Rc2
Rd7 27. Bf5 Re7 28. Kf2 h6 29. h4 Nh5 30. hxg5 hxg5 31. b4 Nf4 32. b5 Kg7 33.
a4 Kf6 34. Bc8 Kg6 35. a5 f6 36. b6 axb6 37. axb6 Nd3+ 38. Kg3 f5 39. Rc7 f4+
40. Kg2 Re2+ 41. Kg1 Re1+ 42. Kg2 Re2+ 43. Kg1 Re1+ 44. Kg2 Re2+ 45. Kf1
1/2-1/2

[Event "XIV Weekend B"]
[Site "Porto Sant'Elpidio ITA"]
[Date "2011.11.26"]
[Round "4"]
[White "Soricetti, Adriana"]
[Black "Skrijely, Edin"]
[Result "0-1"]
[WhiteElo "1388"]
[BlackElo "1737"]
[PlyCount "42"]
[EventDate "2011.11.19"]

1. e4 b6 2. Nf3 Bb7 3. Nc3 e6 4. d4 Nf6 5. Bd3 d6 6. Bg5 Be7 7. O-O Nbd7 8. Re1
c5 9. e5 Nd5 10. Bxe7 Qxe7 11. Nxd5 Bxd5 12. b3 O-O 13. c3 cxd4 14. cxd4 Rad8
15. h3 Bb7 16. Be2 dxe5 17. Qb1 exd4 18. Nxd4 Ne5 19. Nb5 Qg5 20. g4 Qh4 21.
Kh2 Qxf2# 0-1

[Event "XIV Weekend B"]
[Site "Porto Sant'Elpidio ITA"]
[Date "2011.11.26"]
[Round "4"]
[White "Vannicola, Roberto"]
[Black "Marinucci, Johnny"]
[Result "1-0"]
[WhiteElo "1449"]
[BlackElo "1774"]
[PlyCount "89"]
[EventDate "2011.11.19"]

1. c4 Nf6 2. Nc3 c6 3. e4 d5 4. e5 d4 5. exf6 dxc3 6. bxc3 e5 7. fxg7 Bxg7 8.
g3 O-O 9. Bg2 Bf5 10. Ne2 Qd3 11. O-O Qxc4 12. Re1 Nd7 13. Qb3 Qxb3 14. axb3
Nc5 15. Ba3 Nd3 16. Bxf8 Bxf8 17. Rf1 a6 18. Nc1 Nc5 19. b4 Ne6 20. Nb3 Rd8 21.
Rfe1 f6 22. Be4 Bxe4 23. Rxe4 Ng5 24. Re3 Bh6 25. Kg2 Ne6 26. Re2 Kf7 27. Rd1
Rd3 28. Na5 Nd8 29. Nc4 Ne6 30. h4 Ke7 31. Nb2 Rd7 32. d4 exd4 33. Rxd4 Rxd4
34. cxd4 Kf7 35. Re4 Bd2 36. Nd3 Bc3 37. Nc5 Nxc5 38. dxc5 a5 39. bxa5 Bxa5 40.
g4 b5 41. cxb6 Bxb6 42. f4 h6 43. Rb4 Bd8 44. Rc4 Bc7 45. Kf3 1-0

[Event "XIV Weekend B"]
[Site "Porto Sant'Elpidio ITA"]
[Date "2011.11.27"]
[Round "5"]
[White "Basso, Fabrizio"]
[Black "Marchetti, Michael"]
[Result "1-0"]
[WhiteElo "1754"]
[BlackElo "1629"]
[PlyCount "127"]
[EventDate "2011.11.19"]

1. e4 c5 2. Nf3 Nc6 3. d4 cxd4 4. Nxd4 Nf6 5. Nc3 e6 6. Bc4 d5 7. exd5 Nxd5 8.
Nxd5 exd5 9. Bb3 Be7 10. Be3 O-O 11. Qf3 Be6 12. O-O-O Qd7 13. h3 Na5 14. Rhe1
Nxb3+ 15. axb3 Bf6 16. Bf4 Rac8 17. Be5 Bxe5 18. Rxe5 Qc7 19. Rde1 Rfe8 20. Qe2
Qb6 21. Nxe6 fxe6 22. Rxe6 Qxe6 23. Qxe6+ Rxe6 24. Rxe6 Kf7 25. Re5 Rd8 26. Kd2
Kf6 27. Re3 b5 28. b4 Ra8 29. Ra3 Ke5 30. g3 g5 31. Ra6 Rf8 32. Ke2 Rc8 33. Kd2
Rf8 34. Ke2 Rc8 35. c3 d4 36. Kd3 dxc3 37. bxc3 Rf8 38. Ra2 Rf3+ 39. Ke2 Rxc3
40. Rxa7 Rb3 41. Re7+ Kf6 42. Re4 Kf5 43. Rd4 Ke5 44. Rg4 Kf5 45. f4 gxf4 46.
Rxf4+ Ke5 47. Kf2 Rb2+ 48. Kf3 Rb3+ 49. Kg4 h5+ 50. Kh4 Rd3 51. Rf8 Rd4+ 52.
Kxh5 Rxb4 53. g4 Rb3 54. h4 b4 55. g5 Rg3 56. Kh6 b3 57. h5 b2 58. Rb8 Rg2 59.
g6 Kf6 60. Kh7 Rh2 61. h6 Kg5 62. Rb5+ Kf6 63. g7 Rg2 64. Rxb2 1-0

[Event "XIV Weekend B"]
[Site "Porto Sant'Elpidio ITA"]
[Date "2011.11.27"]
[Round "5"]
[White "Cristicchia, Matteo"]
[Black "Soricetti, Adriana"]
[Result "1-0"]
[WhiteElo "1607"]
[BlackElo "1388"]
[PlyCount "69"]
[EventDate "2011.11.19"]

1. e4 c5 2. Nc3 Nc6 3. g3 e6 4. Bg2 Be7 5. d3 Nf6 6. f4 d6 7. Nf3 Bd7 8. O-O a6
9. a4 O-O 10. Be3 Qc7 11. d4 cxd4 12. Nxd4 Rad8 13. h3 e5 14. Nf5 Bxf5 15. exf5
Rfe8 16. g4 Nb4 17. a5 Qc8 18. Bb6 Rd7 19. g5 exf4 20. Rxf4 d5 21. gxf6 Bxf6
22. Rxb4 Rde7 23. Bf2 d4 24. Nd5 Re2 25. Nxf6+ gxf6 26. Qxd4 Qxf5 27. Qg4+ Qxg4
28. Rxg4+ Kh8 29. Bh4 h6 30. Bxf6+ Kh7 31. Rg7+ Kh8 32. Rxf7+ Kg8 33. Bd5 Rxc2
34. Rc7+ Kf8 35. Bg7# 1-0

[Event "XIV Weekend B"]
[Site "Porto Sant'Elpidio ITA"]
[Date "2011.11.27"]
[Round "5"]
[White "Marinucci, Johnny"]
[Black "Antognoni, Nicola"]
[Result "1-0"]
[WhiteElo "1774"]
[BlackElo "1524"]
[PlyCount "75"]
[EventDate "2011.11.19"]

1. c4 e5 2. g3 Nc6 3. Bg2 Bc5 4. Nc3 d6 5. Nf3 Be6 6. b3 Nge7 7. O-O O-O 8. Bb2
Qd7 9. e3 f5 10. d4 Bb6 11. d5 Bf7 12. dxc6 Nxc6 13. Nd5 Bh5 14. Nxb6 axb6 15.
Qd5+ Bf7 16. Qd2 e4 17. Ne5 Nxe5 18. Bxe5 Qe7 19. Bc3 Qg5 20. a4 Bh5 21. Qd5+
Rf7 22. Qxb7 Re8 23. a5 bxa5 24. Rxa5 Bg6 25. Rfa1 h5 26. Qd5 Kh7 27. h4 Qe7
28. Ra7 Rc8 29. Rb7 Qd8 30. Raa7 c6 31. Qd4 c5 32. Qd5 Rcc7 33. Rxc7 Rxc7 34.
Ba5 Bf7 35. Qxf5+ Bg6 36. Qd5 Bf7 37. Bxe4+ Kh6 38. Qf5 1-0

[Event "XIV Weekend B"]
[Site "Porto Sant'Elpidio ITA"]
[Date "2011.11.27"]
[Round "5"]
[White "Morelli, Basilio"]
[Black "Vannicola, Roberto"]
[Result "1-0"]
[WhiteElo "1524"]
[BlackElo "1449"]
[PlyCount "61"]
[EventDate "2011.11.19"]

1. d4 d5 2. c4 e6 3. Nc3 Be7 4. Bf4 Nf6 5. e3 O-O 6. Bd3 c5 7. Nge2 cxd4 8.
Nxd4 a6 9. Rc1 Nc6 10. Nde2 d4 11. exd4 Nxd4 12. Nxd4 Qxd4 13. Bxh7+ Nxh7 14.
Qxd4 Rd8 15. Qe3 Nf6 16. O-O Nh5 17. Rcd1 Nxf4 18. Rxd8+ Bxd8 19. Qxf4 b6 20.
Rd1 Bb7 21. h4 Rc8 22. b3 Bc7 23. Qe3 Rd8 24. Rxd8+ Bxd8 25. h5 Bf6 26. Ne4 Be7
27. g4 Bxe4 28. Qxe4 b5 29. cxb5 axb5 30. Qb7 Bf8 31. Qxb5 1-0

[Event "XIV Weekend B"]
[Site "Porto Sant'Elpidio ITA"]
[Date "2011.11.27"]
[Round "5"]
[White "Ramini, Luigi"]
[Black "Maggiore, Francesco"]
[Result "1-0"]
[WhiteElo "1754"]
[BlackElo "1751"]
[PlyCount "76"]
[EventDate "2011.11.19"]

1. d4 e6 2. e4 d5 3. exd5 exd5 4. Bd3 Nc6 5. c3 Nf6 6. Nf3 Bd6 7. O-O O-O 8.
Bg5 h6 9. Bh4 Be6 10. Bc2 Be7 11. Re1 Qd7 12. Qd3 g6 13. Qe2 Bf5 14. Ne5 Nxe5
15. Bxf5 Qxf5 16. dxe5 Rfe8 17. exf6 Bxf6 18. Qxe8+ Rxe8 19. Rxe8+ Kg7 20.
Bxf6+ Kxf6 21. Na3 Qd3 22. Rae1 d4 23. cxd4 Qxd4 24. R8e2 a6 25. Nb1 b5 26. Nc3
Kg7 27. h3 c5 28. Rd1 Qf6 29. Ne4 Qe6 30. Nc3 Qf6 31. Rd7 b4 32. Nd1 Qc6 33.
Ree7 Kf6 34. Rxf7+ Kg5 35. Ne3 Qe4 36. Rd5+ Kh4 37. Kh2 g5 38. Nf5+ Kh5 1-0

[Event "XIV Weekend B"]
[Site "Porto Sant'Elpidio ITA"]
[Date "2011.11.27"]
[Round "5"]
[White "Renzetti, Leonardo"]
[Black "Piergentili, Roberto"]
[Result "1-0"]
[WhiteElo "1709"]
[BlackElo "1735"]
[PlyCount "45"]
[EventDate "2011.11.19"]

1. d4 d5 2. Nf3 Nf6 3. e3 c5 4. c3 Nc6 5. Bd3 e6 6. O-O Be7 7. Qe2 O-O 8. Nbd2
b6 9. dxc5 bxc5 10. e4 e5 11. exd5 Nxd5 12. Nxe5 Nxe5 13. Qxe5 Bd6 14. Qe4 g6
15. Bc4 Bb7 16. Nf3 Re8 17. Qd3 Nb6 18. Ng5 Nxc4 19. Qxc4 Qc7 20. Qh4 f6 21.
Qc4+ Kh8 22. Nf7+ Kg7 23. Bh6+ 1-0

[Event "XIV Weekend B"]
[Site "Porto Sant'Elpidio ITA"]
[Date "2011.11.27"]
[Round "5"]
[White "Silvestri, Giorgio"]
[Black "Agostinelli, Matteo"]
[Result "1-0"]
[WhiteElo "1730"]
[BlackElo "1619"]
[PlyCount "119"]
[EventDate "2011.11.19"]

1. d4 d5 2. c4 c6 3. Nf3 Nf6 4. Qc2 g6 5. e3 Bg7 6. Bd3 Na6 7. Bd2 O-O 8. O-O
Qd6 9. c5 Qc7 10. b4 b5 11. a4 Qb7 12. axb5 cxb5 13. Ra5 Nc7 14. Nc3 a6 15.
Rfa1 Bd7 16. Ne5 Bc6 17. Nxc6 Qxc6 18. f3 Nd7 19. Ne2 e5 20. Bc3 f6 21. e4 Rae8
22. Qb3 Qe6 23. exd5 Qxd5 24. Qxd5+ Nxd5 25. Bd2 Nb8 26. Be4 Nc7 27. dxe5 f5
28. Bc2 Rxe5 29. Bb3+ Kh8 30. Kf1 Nc6 31. R5a2 Rfe8 32. Ng3 Nd4 33. Rb1 Rd8 34.
Bg5 Rf8 35. Bf4 Re7 36. Bxc7 Rxc7 37. Rxa6 Be5 38. Bd5 Kg7 39. Re1 Bxg3 40.
hxg3 Nc2 41. Rc6 Rxc6 42. Bxc6 Nxe1 43. Kxe1 Rb8 44. Kd2 Kf6 45. Ke3 Ke5 46.
f4+ Ke6 47. Bf3 h6 48. g4 Rf8 49. gxf5+ Rxf5 50. Bg4 Kf6 51. Bxf5 gxf5 52. Kd4
Ke6 53. c6 Kd6 54. c7 Kxc7 55. Ke5 Kc6 56. Kxf5 Kd5 57. Kg6 Ke6 58. f5+ Ke7 59.
Kg7 h5 60. f6+ 1-0

[Event "XIV Weekend B"]
[Site "Porto Sant'Elpidio ITA"]
[Date "2011.11.27"]
[Round "5"]
[White "Skrijely, Edin"]
[Black "Claudino Da Graca, Carlos"]
[Result "1-0"]
[WhiteElo "1737"]
[BlackElo "1616"]
[PlyCount "71"]
[EventDate "2011.11.19"]

1. d4 Nf6 2. c4 e6 3. a3 d5 4. Nf3 Be7 5. Bg5 Nbd7 6. c5 c6 7. b4 b5 8. e3 a5
9. Nbd2 Bb7 10. a4 bxa4 11. Rxa4 axb4 12. Rxb4 Ba6 13. Bxa6 Rxa6 14. Qb1 O-O
15. O-O Qa8 16. Ne5 Ra7 17. Nxd7 Rxd7 18. Qb2 h6 19. Bh4 g5 20. Bg3 Nh5 21. Bb8
Qa6 22. Nf3 f6 23. Rb1 Ng7 24. Qc2 Kf7 25. Qh7 Rdd8 26. Ne5+ fxe5 27. Bxe5 Rg8
28. Rb7 Qa8 29. Rxe7+ Kxe7 30. Bxg7 Kf7 31. Be5+ Kf8 32. Bd6+ Rxd6 33. cxd6 Rg7
34. Qh8+ Rg8 35. Qf6+ Ke8 36. Qe7# 1-0

[Event "XIV Weekend B"]
[Site "Porto Sant'Elpidio ITA"]
[Date "2011.11.27"]
[Round "6"]
[White "Agostinelli, Matteo"]
[Black "Morelli, Basilio"]
[Result "1/2-1/2"]
[WhiteElo "1619"]
[BlackElo "1524"]
[PlyCount "136"]
[EventDate "2011.11.19"]

1. d4 d5 2. c4 c6 3. Nc3 e5 4. dxe5 d4 5. Ne4 Qa5+ 6. Nd2 Qxe5 7. Ngf3 Qd6 8.
a3 Nf6 9. Nb3 c5 10. g3 Nc6 11. Bf4 Qd8 12. Bg2 Be6 13. Rc1 Bd6 14. Bxd6 Qxd6
15. O-O Rd8 16. Nbd2 O-O 17. Ng5 Bf5 18. Qa4 Rfe8 19. Rfe1 h6 20. Nh3 Re7 21.
b4 b6 22. Qxc6 Qxc6 23. Bxc6 Bxh3 24. Nb3 Bg4 25. f3 Bd7 26. Bxd7 Nxd7 27. Kf2
Re3 28. Rb1 Rc3 29. Rec1 Re3 30. bxc5 bxc5 31. a4 Rde8 32. Re1 Rc3 33. Rec1
Ree3 34. Nd2 Rxc1 35. Rxc1 Ra3 36. Rb1 Nb6 37. Rb5 Ra2 38. Nb3 d3 39. Nxc5
Rxe2+ 40. Kf1 Nxc4 41. Nxd3 Re3 42. Ne1 Ra3 43. Rb4 Nb6 44. Ke2 Ra2+ 45. Kd3
Rxa4 46. Rxa4 Nxa4 47. Kc4 a6 48. Kb4 Nb6 49. Ka5 Nd5 50. Kxa6 Ne3 51. h3 g5
52. Kb5 Kg7 53. Kc5 f5 54. Kd4 f4 55. gxf4 Nf5+ 56. Ke5 Kg6 57. fxg5 hxg5 58.
Ng2 Ne7 59. h4 gxh4 60. Nxh4+ Kg5 61. Ng2 Ng6+ 62. Ke4 Kf6 63. Nf4 Nh4 64. Nd5+
Kf7 65. f4 Ng6 66. f5 Nf8 67. Kf4 Ne6+ 68. Ke5 Ng7 1/2-1/2

[Event "XIV Weekend B"]
[Site "Porto Sant'Elpidio ITA"]
[Date "2011.11.27"]
[Round "6"]
[White "Antognoni, Nicola"]
[Black "Soricetti, Adriana"]
[Result "1-0"]
[WhiteElo "1524"]
[BlackElo "1388"]
[PlyCount "57"]
[EventDate "2011.11.19"]

1. e4 e5 2. Nf3 Nc6 3. Bc4 h6 4. c3 Nf6 5. d3 Bc5 6. Nbd2 d5 7. exd5 Nxd5 8.
Qb3 Na5 9. Qa4+ c6 10. Nxe5 Nxc4 11. Qxc4 Bd6 12. Qe4 O-O 13. O-O Re8 14. Ndf3
f6 15. Qg6 fxe5 16. Bxh6 Bf8 17. Ng5 Nf6 18. f4 e4 19. dxe4 Qd7 20. e5 Qf5 21.
Qf7+ Kh8 22. exf6 gxh6 23. Qxe8 Qc5+ 24. Kh1 hxg5 25. Qh5+ Kg8 26. Qg6+ Kh8 27.
f7 Bg7 28. Qh5+ Bh6 29. Qxh6# 1-0

[Event "XIV Weekend B"]
[Site "Porto Sant'Elpidio ITA"]
[Date "2011.11.27"]
[Round "6"]
[White "Basso, Fabrizio"]
[Black "Skrijely, Edin"]
[Result "1-0"]
[WhiteElo "1754"]
[BlackElo "1737"]
[PlyCount "95"]
[EventDate "2011.11.19"]

1. e4 e6 2. d4 g6 3. c4 b6 4. Nc3 Bb7 5. Be3 Bg7 6. Bd3 Nf6 7. f3 a6 8. Qd2 h6
9. g4 d6 10. O-O-O Nbd7 11. Nge2 c5 12. h4 Qe7 13. Rhg1 O-O-O 14. Kb1 cxd4 15.
Nxd4 d5 16. cxd5 exd5 17. Nxd5 Nxd5 18. exd5 Nc5 19. Rc1 Kb8 20. Bf4+ Ka7 21.
Rge1 Qd7 22. Be4 Qa4 23. b4 Nxe4 24. fxe4 a5 25. Rc4 Rhe8 26. Rec1 Bf8 27. bxa5
Qxa5 28. Qc2 Rc8 29. Qa4 Qxa4 30. Rxa4+ Ba6 31. Rxc8 Rxc8 32. Nc6+ Kb7 33. Kc1
h5 34. g5 Ra8 35. Kb2 Bg7+ 36. e5 Bb5 37. Rxa8 Kxa8 38. Nd8 Be8 39. Kc3 Kb8 40.
Kc4 Kc7 41. Nxf7 Bxf7 42. e6+ Kd8 43. exf7 Bf8 44. d6 Kd7 45. Kb5 Ke6 46. Kxb6
Kxf7 47. Kc6 Ke6 48. a4 1-0

[Event "XIV Weekend B"]
[Site "Porto Sant'Elpidio ITA"]
[Date "2011.11.27"]
[Round "6"]
[White "Claudino Da Graca, Carlos"]
[Black "Cristicchia, Matteo"]
[Result "1/2-1/2"]
[WhiteElo "1616"]
[BlackElo "1607"]
[PlyCount "98"]
[EventDate "2011.11.19"]

1. d4 d5 2. c4 dxc4 3. Nc3 Nf6 4. Nf3 c5 5. Bf4 Bg4 6. dxc5 Nc6 7. Ne5 Nxe5 8.
Bxe5 Qa5 9. Qa4+ Qxa4 10. Nxa4 Bd7 11. Nc3 Rc8 12. e3 Rxc5 13. Bd4 Rc7 14. Bxa7
b5 15. Bd4 b4 16. Ne2 e6 17. g3 Bd6 18. f4 Bc6 19. Rg1 O-O 20. Bg2 Bxg2 21.
Bxf6 gxf6 22. Rxg2 c3 23. bxc3 bxc3 24. Nd4 Bb4 25. a3 c2+ 26. axb4 c1=Q+ 27.
Rxc1 Rxc1+ 28. Kf2 e5 29. Ne2 Rc2 30. Rg1 Rd8 31. Rc1 Rxc1 32. Nxc1 Rd2+ 33.
Kf3 f5 34. fxe5 Rxh2 35. Nd3 Rd2 36. Nf4 Kf8 37. e4 fxe4+ 38. Kxe4 Kg7 39. Nd5
Kg6 40. b5 Kg5 41. b6 Kg4 42. Nf6+ Kxg3 43. Nxh7 Kh4 44. Nf6 Kg5 45. Ne8 Rb2
46. Nd6 f6 47. exf6 Rxb6 48. f7 Rb8 49. Ke5 Rf8 1/2-1/2

[Event "XIV Weekend B"]
[Site "Porto Sant'Elpidio ITA"]
[Date "2011.11.27"]
[Round "6"]
[White "Maggiore, Francesco"]
[Black "Marinucci, Johnny"]
[Result "1-0"]
[WhiteElo "1751"]
[BlackElo "1774"]
[PlyCount "117"]
[EventDate "2011.11.19"]

1. d4 Nf6 2. c4 c6 3. Nc3 d5 4. e3 Bf5 5. Bd3 Bxd3 6. Qxd3 e6 7. a3 Be7 8. Nf3
O-O 9. e4 dxe4 10. Nxe4 c5 11. Be3 Nc6 12. Rd1 cxd4 13. Bxd4 Nxd4 14. Nxd4 Nxe4
15. Qxe4 Qa5+ 16. Rd2 Bf6 17. Qe3 Bxd4 18. Qxd4 Rfd8 19. Qe3 Rxd2 20. Qxd2 Qe5+
21. Qe2 Qd4 22. O-O Rd8 23. g3 Kf8 24. Re1 Qd2 25. b4 Qd3 26. Qxd3 Rxd3 27. Re3
Rd2 28. Rc3 Ke7 29. c5 Kd7 30. b5 Kc7 31. a4 Rd4 32. Rf3 f6 33. Rf4 Rd5 34. Rc4
Rd2 35. Kf1 a6 36. c6 axb5 37. axb5 Rd5 38. b6+ Kc8 39. cxb7+ Kxb7 40. Rc7+
Kxb6 41. Rxg7 Rh5 42. Re7 e5 43. Re6+ Kc5 44. Rxf6 Kd4 45. Kg2 Rg5 46. h4 Rg7
47. Kf3 Rc7 48. Kg4 Ke4 49. Kh5 Kd3 50. Kh6 e4 51. g4 Kd4 52. g5 Ke5 53. h5 Rd7
54. Rf8 Ke6 55. Rh8 Rf7 56. Rxh7 Rxf2 57. g6 e3 58. g7 Rg2 59. Rh8 1-0

[Event "XIV Weekend B"]
[Site "Porto Sant'Elpidio ITA"]
[Date "2011.11.27"]
[Round "6"]
[White "Marchetti, Michael"]
[Black "Renzetti, Leonardo"]
[Result "0-1"]
[WhiteElo "1629"]
[BlackElo "1709"]
[PlyCount "116"]
[EventDate "2011.11.19"]

1. Nf3 Nf6 2. b3 g6 3. Bb2 Bg7 4. d4 d6 5. e3 O-O 6. c4 c5 7. Be2 Nc6 8. O-O
Ne8 9. Qd2 Bg4 10. Rd1 f5 11. dxc5 dxc5 12. Bxg7 Nxg7 13. Qd5+ Qxd5 14. Rxd5
Nb4 15. Rd2 Rad8 16. Nc3 Rxd2 17. Nxd2 Bxe2 18. Nxe2 Rd8 19. Nf3 a6 20. Nc3 Ne8
21. Kf1 Nf6 22. Ke2 Rd6 23. a3 Nc6 24. Rb1 e5 25. b4 cxb4 26. axb4 e4 27. Ne1
Ng4 28. b5 Na5 29. c5 Rd8 30. h3 Ne5 31. bxa6 bxa6 32. Rb6 Nac4 33. Rxa6 Rd2+
34. Kf1 Rc2 35. Nb1 Rc1 36. Ra4 Rxb1 37. Ra2 Nd3 38. Re2 Nxe1 39. Rxe1 Rxe1+
40. Kxe1 Kf7 41. Kd1 Ke6 42. Kc2 Kd5 43. c6 Kxc6 44. Kc3 Kd5 45. h4 h6 46. g3
g5 47. hxg5 hxg5 48. Kc2 Ke5 49. Kd1 f4 50. exf4+ gxf4 51. gxf4+ Kxf4 52. Ke2
Ne5 53. Ke1 Kf3 54. Kf1 Ng4 55. Ke1 Nxf2 56. Kf1 e3 57. Ke1 Nd3+ 58. Kd1 e2+
0-1

[Event "XIV Weekend B"]
[Site "Porto Sant'Elpidio ITA"]
[Date "2011.11.27"]
[Round "6"]
[White "Ramini, Luigi"]
[Black "Silvestri, Giorgio"]
[Result "1/2-1/2"]
[WhiteElo "1754"]
[BlackElo "1730"]
[PlyCount "102"]
[EventDate "2011.11.19"]

1. d4 Nf6 2. Bg5 e6 3. e4 Be7 4. Bxf6 Bxf6 5. c3 e5 6. dxe5 Bxe5 7. Nf3 Qe7 8.
Bd3 O-O 9. O-O d6 10. Nbd2 Bg4 11. Qc2 Nd7 12. Rfe1 Nc5 13. Nxe5 dxe5 14. Bc4
c6 15. f3 Be6 16. Be2 b5 17. b4 Na4 18. a3 Rfd8 19. Red1 Rd7 20. c4 a6 21. c5
Rad8 22. Nb3 Bxb3 23. Qxb3 Rd2 24. Kf1 R8d4 25. Rxd2 Rxd2 26. Rd1 Qd8 27. Rxd2
Qxd2 28. Qd1 Qxd1+ 29. Bxd1 Kf8 30. Ke1 Ke7 31. Kd2 Kd7 32. g3 g5 33. h4 h6 34.
hxg5 hxg5 35. Bb3 f6 36. Ke3 Ke7 37. f4 Nc3 38. Bc2 exf4+ 39. gxf4 gxf4+ 40.
Kxf4 Ne2+ 41. Ke3 Nc3 42. Kd3 Na4 43. Kd4 Nb2 44. Bb3 Na4 45. Bxa4 bxa4 46. e5
f5 47. Ke3 Kf7 48. Kf3 Ke7 49. Kg3 Kf7 50. Kf3 Ke7 51. Ke3 Kf7 1/2-1/2

[Event "XIV Weekend B"]
[Site "Porto Sant'Elpidio ITA"]
[Date "2011.11.27"]
[Round "6"]
[White "Vannicola, Roberto"]
[Black "Bonoli, Luciano"]
[Result "1/2-1/2"]
[WhiteElo "1449"]
[BlackElo "1764"]
[PlyCount "96"]
[EventDate "2011.11.19"]

1. c4 Nf6 2. Nc3 g6 3. g3 Nc6 4. a3 Bg7 5. Bg2 O-O 6. d3 e5 7. Nf3 d6 8. O-O a6
9. b4 e4 10. Ne1 exd3 11. e3 Be6 12. Bxc6 bxc6 13. Qb3 Bh3 14. Ng2 c5 15. Rd1
Qc8 16. Rxd3 Bxg2 17. Kxg2 Qb7+ 18. f3 Nd7 19. e4 Rab8 20. Rb1 cxb4 21. Qxb4
Qa7 22. Be3 Nc5 23. Bxc5 dxc5 24. Qa4 Bxc3 25. Rxb8 Qxb8 26. Rxc3 Qb2+ 27. Qc2
Rb8 28. Qxb2 Rxb2+ 29. Kh3 a5 30. f4 a4 31. Rc1 Rb3 32. Ra1 Rc3 33. Rb1 Rxc4
34. e5 Rc3 35. Kg4 Kg7 36. Rb7 Rxa3 37. Rxc7 Re3 38. Rxc5 a3 39. Ra5 Rd3 40.
Ra7 h6 41. e6 Kf6 42. e7 Re3 43. Rxa3 Rxe7 44. Kf3 h5 45. h3 Rb7 46. g4 hxg4+
47. hxg4 Rb8 48. Ra6+ Kg7 1/2-1/2